| 000 | 02022cam a22001934a 4500 | ||
|---|---|---|---|
| 005 | 20250605164123.0 | ||
| 008 | 250528s ||||||||||||||||||||||||d | ||
| 035 | _a18339 | ||
| 020 | _a9604201697 | ||
| 040 |
_aGR-AtMCL _bgre _dGR-AtMCL _eAACR2 |
||
| 245 | 1 |
_aΕλληνικό Φορολογικό Δίκαιο / Θεμελιώσεις, Φορολογική Διαδικασία, Εφαρμογές. _nΤόμος I |
|
| 260 |
_bΠ. Ν. Σάκκουλας, _c2002 |
||
| 300 | _a480 | ||
| 520 | _aΚράτος Δικαίου και Φορολογικό Δίκαιο, Βάσεις και Πηγές του Φορολογικού Δικαίου, Γενικοί Καθορισμοί, Γενική Θεώρηση της Διοικητικής Φορολογικής Διαδικασίας, Αντικείμενο και Καθορισμοί του Διεθνούς και Κοινοτικού Φορολογικού Δικαίου, Φορολογία Εισοδήματος Φυσικών Προσώπων, Φορολογία Εισοδήματος Νομικών Προσώπων, Κώδικας Βιβλίων Στοιχείων, Φόρος Προστιθέμενης Αξίας, Κυρώσεις και Φορολογικό Ποινολόγιο, Φορολογική Δήλωση και Οργάνωση των Δημόσιων Οικονομικών Υπηρεσιών, Ειδικά Φορολογικά Θέματα Ασφαλιστικών Επιχειρήσεων (Η Ασφαλιστική Επιχείρηση Διαμέσου της Φορολογίας), Ειδικά Φορολογικά Θέματα Τραπεζών και Χρηματοοικονομικών Επιχειρήσεων (Η Τραπεζική Λειτουργία στο Φορολογικό Δίκαιο), Ειδικά Φορολογικά Θέματα Πλοίων και Θαλάσσιων Μεταφορών. | ||
| 700 | 1 |
_aΚόντος-Μάναλης Λεονάρδος Αρ _94611 |
|
| 942 | _cBK | ||
| 999 |
_c3702 _d3702 |
||